书目信息 |
| 题名: |
中亚塔吉克史
|
|
| 作者: | 加富罗夫 , ГаХуров 著 ;肖之兴 译 | |
| 分册: | ||
| 出版信息: | 北京 中国社会科学出版社 1985 |
|
| 页数: | 378页 | |
| 开本: | 20cm | |
| 丛书名: | ||
| 单 册: | ||
| 中图分类: | K512.965 | |
| 科图分类: | ||
| 主题词: | 地方史--塔吉克 | |
| 电子资源: | ||
| ISBN: | ||
| 000 | 01003nam0 2200301 45 | |
| 001 | 0185009160 | |
| 005 | 20040511170106.0 | |
| 010 | @dCNY2.55 | |
| 091 | @a1190.142 | |
| 100 | @a19931011d1985 kemy0chiy0121 ea | |
| 101 | 1 | @achi@crus |
| 102 | @aCN@b110000 | |
| 105 | @ay z 000yd | |
| 106 | @ar | |
| 200 | 10 | @a中亚塔吉克史@Azhong ya ta ji ke shi@e上吉—十九世纪上半叶@f(苏)加富罗夫(ГаХуров,Б.Г.)著@g肖之兴译 |
| 210 | @a北京@c中国社会科学出版社@d1985 | |
| 215 | @a378页@d20cm | |
| 300 | @a书名原文: История Таджикского народа | |
| 300 | @a本书根据苏联政治书籍出版社1955年莫斯科版译出 | |
| 510 | 1 | @aИстория Таджикского народа@zrus |
| 606 | @a地方史@y塔吉克 | |
| 690 | @aK512.965@v3 | |
| 701 | 1 | @a加富罗夫@Ajia fu luo fu@bБ.Г.@4著 |
| 701 | A1 | @aГаХуров@bБ.Г.@4著 |
| 702 | 0 | @a肖之兴@Axiao zhi xing@4译 |
| 801 | 0 | @aCN@b深圳图书馆@c20040511 |
| 801 | 2 | @aCN@bNLC@c20040511 |
| 905 | @f2@b149332-333@dK512.965@e11 | |
| 中亚塔吉克史:上吉—十九世纪上半叶/(苏)加富罗夫(ГаХуров,Б.Г.)著/肖之兴译.-北京:中国社会科学出版社,1985 |
| 378页;20cm |
| 书名原文: История Таджикского народа.-本书根据苏联政治书籍出版社1955年莫斯科版译出 |
| ISBN :CNY2.55 |
| ● |
| 相关链接 |
|
|
|
|
正题名:中亚塔吉克史
索取号:K512.965/11
 
预约/预借
| 序号 | 登录号 | 条形码 | 馆藏地/架位号 | 状态 | 备注 |
| 1 | 0149332 | 001394501 | 第二借阅区/ [索取号:K512.965/11] | 在馆 | |
| 2 | 0149333 | 001394547 | 第二借阅区/ [索取号:K512.965/11] | 在馆 | |
| 3 | 0149334 | 001394468 | 第二样本阅览室/ [索取号:K512.965/11] | 在馆 |